000 01099nam a22003137a 4500
001 BR7303509
003 BR-BrBNA
005 20230928083958.0
007 ta
008 230509b bl.||||| |||| 00| 0 por d
040 _aBR-BrBNA
_bpor
_cBiblioteca Nacional de Agricultura
041 _a(Por)
072 _aF24
_b2110
_b/G514
090 _ 2110 BR7303509
100 1 _aLeite, J.O.
110 1 _aComissao Executiva do Plano de Recuperacao Economico-Rural da Lavoura Cacaueira, Ilheus, BA (Brasil)
_92138
111 1 _a2. Conferencia Internacional de Pesquisas em Cacau
_cSalvador, BA (Brazil)
_d19 Nov 1967
245 1 _aDelimitacao parcial de areas cacaueiras com base em fotografias aereas [Bahia; Brasil]
260 3 _aIlheus, BA (Brasil):
_bServico de Divulgacao e Documentacao,
_c1967.
300 _a11 p.
500 _a(*) Documento disponível no(a) CEPLAC, Itabuna, BA (Brazil)
650 _aReconhecimento do solo
650 _aFotointerpretacao
650 _aCacau
650 _aBahia
650 _aRegiao cacaueira
909 _a202309
_bLucia
_c55
_dLucia Elande
942 _cBK
999 _c16120
_d16120